| 000 | 00808nam a2200217 a 4500 | ||
|---|---|---|---|
| 001 | 49270 | ||
| 003 | BD-RjUL | ||
| 005 | 20211209054646.0 | ||
| 008 | 160820s1975 bg ||||| |||| 00| 0 ben d | ||
| 035 | _a(BD-RjUL)49389 | ||
| 040 |
_aBD-RjUL _bben _cBD-RjUL |
||
| 041 | _aben | ||
| 082 |
_223 _a891.4409 _bHAA 1975 |
||
| 100 |
_aহাফিজ, আবদুল _9124257 |
||
| 245 | 1 | 0 |
_aআধুনিক সাহিত্যচর্চা / _c আবদুল হাফিজ |
| 260 |
_aঢাকা : _bমুক্তধারা, _c১৯৭৫ |
||
| 300 |
_a[৬], ১৫৪ পৃ.; _c২১ সেমি. |
||
| 650 |
_aবাংলা সাহিত্য _vইতিহাস ও সমালোচনা _9117445 |
||
| 650 |
_aBengali Literature _vHistory and criticism _9148029 |
||
| 942 |
_2ddc _cBK |
||
| 999 |
_c49270 _d49270 |
||